| Tag |
First Indicator |
Second Indicator |
Subfields |
| LEADER |
00000nam a2200000 4500 |
| 001 |
in00004218721 |
| 005 |
20200807082314.0 |
| 006 |
m g d |
| 007 |
cr bn |||a|bb| |
| 008 |
920824s1640 enk o 00| | eng d |
| 035 |
|
|
|a (UnM)99855251
|
| 037 |
|
|
|a CL0036000030
|b ProQuest. 789 E. Eisenhower Parkway, Ann Arbor, MI 48108-3218
|
| 040 |
|
|
|a Cu-RivES
|c Cu-RivES
|d CStRLIN
|e dcrb
|d WaOLN
|
| 130 |
0 |
|
|a Times, places, and persons of the holie Scripture.
|
| 245 |
1 |
4 |
|a The general view of the Holy Scriptures: or, The times, places, and persons of the Holy Scriptures :
|b In handling whereof, first, is shewed Gods dealing with mankind in several times; his many and wonderful favours bestowed, and his remarkeable judgements inflicted on divers persons, and places. Secondly, occasion is given to explain sundry difficult places of Scripture, and to set forth the lives and deaths of many kings, patriarches, prophets, and saints of God. All leading unto Jesus Christ our Saviour.
|
| 246 |
2 |
|
|a General view of the Holy Scriptures.
|
| 246 |
2 |
|
|a Times, places, and persons of the Holy Scriptures.
|
| 250 |
|
|
|a The second edition, revised and very much inlarged.
|
| 260 |
|
|
|a London :
|b Printed by I[ohn] B[eale] and S[tephen] B[ulkley] for Henry Ockould,
|c 1640.
|
| 300 |
|
|
|a 1 online resource ([18], 355, [11] pages)
|
| 336 |
|
|
|a text
|b txt
|2 rdacontent
|
| 337 |
|
|
|a computer
|b c
|2 rdamedia
|
| 338 |
|
|
|a online resource
|b cr
|2 rdacarrier
|
| 500 |
|
|
|a A revision of: The times, places, and persons of the holie Scripture.
|
| 500 |
|
|
|a Based on part of: Broughton, Hugh. A concent of Scripture.
|
| 500 |
|
|
|a Reviser's dedication signed by Thomas Hayne, to whom the original text is sometimes attributed.
|
| 500 |
|
|
|a Printers' names from STC.
|
| 500 |
|
|
|a With a preliminary imprimatur leaf.
|
| 500 |
|
|
|a Running title reads: The generall view of the Holy Scriptures.
|
| 500 |
|
|
|a Includes index.
|
| 500 |
|
|
|a Leaf E2 or 5 is a cancel.
|
| 500 |
|
|
|a Reproduction of the original in the Folger Shakespeare Library.
|
| 510 |
4 |
|
|a STC (2nd edition)
|c 12983.
|
| 533 |
|
|
|a Electronic reproduction.
|b Ann Arbor, Mich. :
|c UMI,
|d 1999-
|f (Early English books online)
|n Digital version of: (Early English books, 1475-1640 ; 1105:6)
|7 s1999 miun s
|
| 630 |
0 |
4 |
|a Bible
|x Commentaries
|v Early works to 1800.
|
| 700 |
1 |
|
|a Hayne, Thomas,
|d 1582-1645.
|
| 700 |
1 |
|
|a Broughton, Hugh,
|d 1549-1612.
|t Concent of Scripture.
|
| 730 |
0 |
|
|a Concent of Scripture.
|
| 830 |
|
0 |
|a Early English books online.
|
| 856 |
4 |
0 |
|u http://proxy.library.tamu.edu/login?url=https://search.proquest.com/docview/2240938805
|z Connect to the full text of this electronic book
|t 0
|
| 999 |
f |
f |
|s 5363cc8f-832a-3dd7-b2f9-e307125d7387
|i 482ac2ea-933f-32bc-8e69-869e9a8b583a
|t 0
|
| 952 |
f |
f |
|a Texas A&M University
|b College Station
|c Electronic Resources
|d Available Online
|t 0
|h No information provided
|
| 998 |
f |
f |
|t 0
|l Available Online
|